00882nam a2200229 a 4500001001000000003000500010005001700015008004100032010001100073011001100084040000900095100002600104245017500130260004100305500006000346502007400406650004000480650001300520650002200533650002700555856007000582000111995CHAP20220329144241.0151113s2015 mx a |sm |||||||spa d a108456 a109428 cCHAP1 aMorales Romero, Edgar10aEstudio técnico justificativo para CUSTF la ejecución del proyecto sistema de agua potable el Acayo, en Pinal de Amoles, Qro.h[En línea]cpor Edgar Morales Romero. aChapingo, Méx. :bEl autor,c2015. aPara ver el contenido del material haga clic en la liga aTesis (Ingeniero Forestal) -- UACH. División de Ciencias Forestales14aAguaxAprovechamientoxQuerétaro.14aCuencas.14aDesforestación.14aSuelosxDegradación. aFinding aiduhttp://10.13.5.2/tesis/sist111995.pdfzTeclea aquí